000 00311nam a22001337a 4500
008 171020b xxu||||| |||| 00| 0 eng d
020 _a9780827362710
041 _aeng
080 _a338
100 _a54
101 _aMEN
245 _aPRINCIPLES OF PUBLIC HEALTH PRACTICE
_cSCUTCHFIELD,F.D
942 _2udc
_cBK
999 _c35052
_d35052